| 000 | 00943nam a2200289 i 4500 | ||
|---|---|---|---|
| 003 | EG-GICUC | ||
| 005 | 20260422071621.0 | ||
| 008 | 260422s1970 fr ||||fr|||| 00| 0 fre d | ||
| 040 |
_aEG-GiCUC _bfre _cEG-GiCUC _dEG-GiCUC _eRda |
||
| 082 | 0 | 4 |
_221 _a341.1 _bCA . D |
| 092 | 0 | 4 | _221 |
| 099 | _aLaw1 11 341.1 CA . D 1970 | ||
| 100 | 1 |
_aCavaré,Louis _eAuteur |
|
| 245 |
_aLe Droit International Public Positif: _bTables Alphabétiques/ _cLouis Cavaré. |
||
| 250 | _aTroisième Édition | ||
| 264 | 1 |
_aParis : _bEditions A. Pedone, _c1970. |
|
| 300 |
_a75 pages ; _c24 cm. |
||
| 336 |
_2rda contenu _a texte |
||
| 337 |
_2rda medias _aOrdinateur |
||
| 338 |
_2 transporteur rda _a Ressource en ligne |
||
| 546 | _aTexte en français | ||
| 650 | _aDroit International Public | ||
| 700 | 1 |
_aQuéneudec,Jean-Pierre _eÉditeur |
|
| 856 | 4 | 0 | _uhttps://fll.law.cu.edu.eg/fulltext/bks/B11-09735pdf |
| 905 | _a59 | ||
| 942 |
_2ddc _n0 _cBK _e21 |
||
| 999 |
_c72761 _d72761 |
||